(Bydgoszcz) Fordońskie osiedla ze zdjęciami - Statystyki

Ogólne statystyki
  • Ten quiz został rozwiązany 56 razy
  • Średni wynik to 8 z 16
Statystyki odpowiedzi
Obrazkowy Odpowiedź % Poprawnych
Stary Fordon
84%
Bajka
82%
Tatrzańskie
73%
Łoskoń
68%
Niepodległości
64%
Przylesie
61%
Nad Wisłą
57%
Brdyujście
52%
Szybowników
48%
Akademickie
41%
Eskulapa
41%
Mariampol
41%
Bohaterów
34%
Pałcz
16%
Miedzyń
5%
Olimpia
0%
Nie znaleziono quizów pasujących do podanych kryteriów
Rozkład punktacji
Procent ludzi z każdym wynikiem
Percentyl według liczby udzielonych odpowiedzi
Twoja historia wyników
Nie rozwiązałeś tego quizu